000 01027nam a22002777a 4500
001 179
003 FISKH
005 20251203083556.0
008 230302b cb ||||| |||| 00| 0 eng d
040 _aDLC
_cDLC
_dDLC
_dFISKH
_beng
050 0 0 _aHE6371
_b.G5 1982
082 0 0 _a383/.4973
_219
100 1 _aGibbons, Gail.
245 1 4 _aThe post office book :
_bMail and how it moves /
_cby Gail Gibbons.
260 _aNew York :
_bScholastic,
_c1982
300 _a28 unnumbered pages :
_bcolor illustrations ;
_c18 x 22 cm
505 _aL
520 _aA step-by-step description of what happens to mail from the time it is deposited in the mailbox to its arrival at its destination. Also includes brief historical facts about mail service in the United States.
521 8 _a510
_bLexile Adjusted
521 8 _aL
_bRaz-Plus
521 8 _a
650 0 _aPostal service
_zUnited States
_xJuvenile literature.
650 1 _aPostal service.
906 _a7
_bcbc
_corignew
_d1
_eocip
_f19
_gy-gencatlg
942 _2ddc
_cBK
_n0
999 _c179
_d179